The true interpreter : a history of translation theory and practice in the West /

Bibliographic Details
Main Author: Kelly, L. G. (Louis G.)
Format: Book
Language:English
Published: New York : St. Martin's Press, [1979]
Subjects:

MARC

Tag First Indicator Second Indicator Subfields
LEADER 00000cam a2200000 i 4500
001 in00000079536
005 20151008052902.0
008 790216s1979 nyua b 00110 eng
010 |a  79004179  
020 |a 0312820577 :  |c $30.00 
035 |a (OCoLC)04776175 
035 |9 AAH5309AM 
040 |a DLC  |c DLC  |d OCL  |d TXA  |d UtOrBLW 
049 |a TXAM  |c [1558478] 
050 0 0 |a P306  |b .K45 1979 
082 0 |a 418/.02 
100 1 |a Kelly, L. G.  |q (Louis G.) 
245 1 4 |a The true interpreter :  |b a history of translation theory and practice in the West /  |c L. G. Kelly. 
264 1 |a New York :  |b St. Martin's Press,  |c [1979] 
264 4 |c ©1979 
300 |a 282 pages :  |b illustrations ;  |c 24 cm. 
336 |a text  |b txt  |2 rdacontent 
337 |a unmediated  |b n  |2 rdamedia 
338 |a volume  |b nc  |2 rdacarrier 
500 |a Includes indexes. 
504 |a Bibliography: pages [253]-274. 
650 0 |a Translating and interpreting  |x History. 
999 |a MARS 
999 f f |s bffadfca-beb2-38bc-bc0f-6d8d5511563f  |i f73cdfa1-1afe-3fa4-a653-7f1bff15baf0  |t 0 
952 f f |p normal  |a Texas A&M University  |b College Station  |c Sterling C. Evans Library  |d Evans: Library Stacks  |t 0  |e P306 .K45 1979  |h Library of Congress classification  |i unmediated -- volume  |m A14803536138 
998 f f |a P306 .K45 1979  |t 0  |l Evans: Library Stacks